00552nam a2200169Ia 4500003000900000008004100009040001600050080002500066110003300091245012100124260005000245300000900295500001900304650002000323650001800343650002100361IN-BaIIA211028s9999 xx 000 0 eng d cIIA Library a083.7:621.753.2bISI aIndian Standards Institution 0aIndian standard recommendations for limits and for sizes above 500 mm upto 3 to 150 mmcIndian Standards Institution aNew DelhibIndian Standards Institutionc1974 a21p. aIS 2101 : 1962 a Machine Tools a Standards  aNASA Thesaurus